000 01015nam a2200337 a 4500
001 57825
003 BD-RjUL
005 20211209080545.0
008 161212s1982 enk b 000 0 eng u
020 _a0205077056
035 _aMITb10501373
035 _a(BD-RjUL)57949
035 _aGLIS00501373
040 _cWSU
_dm.c.
_dm/c
_dRCD
_aBD-RjUL
_beng
041 _aeng
082 _223
_a320.80973
_bGRS 1982
090 _aJK2408
_b.G761
099 _aJK2408.G761
100 1 _aGrant, Daniel R.
_9171730
245 1 0 _aState and local government in America /
_cDaniel R. Grant and H. C. Nixon
250 _a4th ed.
260 _aBoston,
_bAllyn and Bacon,
_c1982
300 _a439 p. :
_bill. ;
_c23 cm.
504 _aIncludes bibliography.
650 0 _aLocal government
_zUnited States.
_9171731
650 0 _aState governments.
_9171732
650 0 _aFederal government
_zUnited States.
_9171733
700 1 _aNixon, H. C.
_q(Herman Clarence),
_d1886-1967.
_9171734
942 _2ddc
_cBK
949 _aMYGD
999 _c57825
_d57825